| 000 | 01068nam a22003257a 4500 | ||
|---|---|---|---|
| 001 | BR8304244 | ||
| 003 | BR-BrBNA | ||
| 005 | 20230928091722.0 | ||
| 007 | ta | ||
| 008 | 230509b bl.||||| |||| 00| 0 por d | ||
| 040 |
_aBR-BrBNA _bpor _cBiblioteca Nacional de Agricultura |
||
| 041 | _a(Eng) | ||
| 072 |
_aM10; M20 _b8195 _b/G514 |
||
| 090 | _ 8195 BR8304244 | ||
| 100 | 1 | _aMaluf, S. | |
| 100 | 1 | _aMatsuura, Y. | |
| 100 | 1 | _aStech, J.L. | |
| 110 | 1 | _aInstituto de Pesquisas Espaciais, Sao Jose dos Campos, SP (Brasil) | |
| 111 | 1 |
_a8. Regular Meeting of the Commission-ICCAT _cMadrid (Spain) _dNov 1983 |
|
| 245 | 1 |
_aFirst attempt to identify areas favorable for the surface occurrence of skipyack (Katsuwonus pelamis)off the Southeastern Coast of Brazil [bonito] _bINPE-2883-PRE/406 |
|
| 260 | 3 |
_aSao Jose dos Campos, SP (Brasil): _c1983. |
|
| 300 | _a28 p. | ||
| 500 | _a9 illus.; Summary (Eng) | ||
| 650 | _aOCEANOGRAFIA | ||
| 650 | _aPESCA | ||
| 650 | _aTEMPERATURA | ||
| 650 | _aBONITO | ||
| 909 |
_a202309 _bLucia _c55 _dLucia Elande |
||
| 942 | _cBK | ||
| 999 |
_c35166 _d35166 |
||